Riconosci il Pokémon - Quiz n°586 - Statistics

Statistiche generali
  • Questo quiz è stato fatto 0 volte
  • Il punteggio medio è 0 su 10
Statistiche sulle risposte
Indizio Risposta % Corretto
Altezza 1,20 m
0%
Tasso di cattura 30 (8.8%)
0%
Peso 47,0 kg; 49,0 kg (Megaevoluzione)
0%
Sesso 50% ♂, 50% ♀
0%
Pokémon Absol
0%
Tipo Buio
0%
Tasso di allevamento Medio-Lento
0%
Stadio evoluzione Non si evolve
0%
Abilità Pressione; Supersorte; Giustizia; Magispecchio (Megaevoluzione)
0%
Generazione Terza
0%
Nessun quiz corrispondente trovato
Distribuzione punteggi
Percentuale di utenti per punteggio
Percentile per numero di risposta
I tuoi punteggi nel tempo
Non hai fatto questo quiz